Wszystkie miasta województwa małopolskiego (Bez mapy) - Statystyki

Ogólne statystyki
  • Ten quiz został rozwiązany 8 razy
  • Średni wynik to 49 z 64
Statystyki odpowiedzi
Miasto % Poprawnych
Alwernia
100%
Andrychów
100%
Bochnia
100%
Chrzanów
100%
Kraków
100%
Myślenice
100%
Nowy Sącz
100%
Nowy Targ
100%
Olkusz
100%
Oświęcim
100%
Proszowice
100%
Skawina
100%
Stary Sącz
100%
Wadowice
100%
Zator
100%
Brzesko
86%
Brzeszcze
86%
Gorlice
86%
Kalwaria Zebrzydowska
86%
Kęty
86%
Krynica-Zdrój
86%
Limanowa
86%
Maków Podhalański
86%
Muszyna
86%
Sucha Beskidzka
86%
Sułkowice
86%
Szczawnica
86%
Tarnów
86%
Trzebinia
86%
Wieliczka
86%
Zakopane
86%
Bukowno
71%
Ciężkowice
71%
Czarny Dunajec
71%
Dąbrowa Tarnowska
71%
Jordanów
71%
Miechów
71%
Nowy Wiśnicz
71%
Piwniczna-Zdrój
71%
Rabka-Zdrój
71%
Ryglice
71%
Tuchów
71%
Wolbrom
71%
Zakliczyn
71%
Bobowa
57%
Chełmek
57%
Dobczyce
57%
Grybów
57%
Koszyce
57%
Krzeszowice
57%
Książ Wielki
57%
Libiąż
57%
Niepołomice
57%
Nowe Brzesko
57%
Skała
57%
Słomniki
57%
Świątniki Górne
57%
Szczucin
57%
Wojnicz
57%
Żabno
57%
Biecz
43%
Czchów
43%
Mszana Dolna
43%
Radłów
29%
Nie znaleziono quizów pasujących do podanych kryteriów
Rozkład punktacji
Procent ludzi z każdym wynikiem
Percentyl według liczby udzielonych odpowiedzi
Twoja historia wyników
Nie rozwiązałeś tego quizu